00454nam a2200193Ia 4500008004100000020001400041050001400055100001700069245001900086245003600105245001700141260001500158260001600173260000900189300001600198300002700214300001000241500000900251170918s9999 xx 000 0 und d a590459139 bH351 1995 aHaskins, Jim aBlack eagles : bAfrican Americans in aviation / cJim Haskins. aNew York : bScholastic, c1995 a196 pages : bcolored illustration ; c21cm. a1160